|
|
|
|
| LEADER |
00000cam a2200000 7i4500 |
| 001 |
0000002856 |
| 005 |
20040127.0 |
| 090 |
0 |
0 |
|a FAO634.90952
|b JAP 1998
|
| 245 |
0 |
0 |
|a JAPAN :
|b in-depth country study
|c by Forestry Agency, Ministry of Agriculture, Forestry and Fisheries, Government of Japan
|
| 260 |
0 |
0 |
|a Rome :
|b Food and Agriculture Organization of the United Nations ,
|c 19980
|
| 300 |
|
|
|a 39 p. ;
|c 30 cm.
|
| 440 |
0 |
0 |
|a Asia-Pacific forestry sector outlook study working paper series ; no. APFSOS/WP/15
|
| 650 |
0 |
0 |
|a Forests and forestry
|z Japan
|
| 710 |
1 |
1 |
|a Food and Agriculture Organization of the United Nations (FAO)
|
| 998 |
|
|
|a JPSM
|
| 999 |
|
|
|a 0000004746
|b Monograph
|c Food and Agriculture Organization
|e Default branch
|
| 999 |
|
|
|a 0000004747
|b Monograph
|c Food and Agriculture Organization
|e Default branch
|